Handbook of algebra /

Guardado en:
Otros Autores: Hazewinkel, Michiel. (Editor )
Formato: Libro
Idioma:English
Publicado: Amsterdam : Elsevier, 1996-<2003.
Materias:
Etiquetas: Agregar Etiqueta
Sin Etiquetas, Sea el primero en etiquetar este registro!
LEADER 02615pam a2200241 a 4500
001 MAT.inmabb003755
008 950913m19969999ne#a#####bf###001#0#eng##
005 20161124162314.0
245 0 0 |a Handbook of algebra /  |c edited by M. Hazewinkel. 
260 |a Amsterdam :  |b Elsevier,  |c 1996-<2003. 
300 |a v. <1-3> :  |b il. ;  |c 25 cm. 
504 |a Incluye referencias bibliográficas e índices. 
505 0 |a Vol. 1: Section 1A. Linear algebra: G. P. Egorychev, Van der Waerden conjecture and applications -- V. L. Girko, Random matrices -- A. N. Malyshev, Matrix equations. Factorization of matrix polynomials -- L. Rodman, Matrix functions -- Section 1B. Linear (in)dependence: Joseph P. S. Kung, Matroids -- Section 1D. Fields, Galois theory, and algebraic number theory: James K. Deveney and John N. Mordeson, Higher derivation Galois theory of inseparable field extensions -- I. B. Fesenko, Complete discrete valuation fields. Abelian local class field theories -- Moshe Jarden, Infinite Galois theory -- Rudolf Lidl and Harald Niederreiter, Finite fields and their applications -- W. Narkiewicz, Global class-field theory -- Henk C. A. van Tilborg, Finite fields and error-correcting codes -- Section 1F. Generalizations of fields and related objects: Udo Hebisch and Hanns Joachim Weinert, Semirings and semifields -- Günter F. Pilz, Near-rings and near-fields -- Section 2A. Category theory: S. MacLane and I. Moerdijk, Topos theory -- Ross Street, Categorical structures -- Section 2B. Homological algebra, cohomology, cohomological methods in algebra, homotopical algebra: Jon F. Carlson, The cohomology of groups -- A. I. Generalov, Relative homological algebra. Cohomology of categories, posets and coalgebras -- J. F. Jardine, Homotopy and homotopical algebra -- Bernhard Keller, Derived categories and their uses -- Section 3A. Commutative rings and algebras: J. P. Lafon, Ideals and modules -- Section 3B. Associative rings and algebras: P. M. Cohn, Polynomial and power series rings. Free algebras, firs and semifirs -- V. K. Kharchenko, Simple, prime and semiprime rings -- A. van den Essen, Algebraic microlocalization and modules with regular singularities over filtered rings -- Kunio Yamagata, Frobenius algebras. 
510 4 |a MR,  |c 97f:00006  |3 (v. 1) 
500 |a La biblioteca sólo posee el vol. 1.  |5 AR-BbIMB 
020 |a 0444822127 (v. 1) 
700 1 |a Hazewinkel, Michiel.  |4 edt 
246 3 0 |a Algebra 
650 0 |a Algebra. 
084 |a 00A20 (00B15 11-06 15-06 16-06 20-06)  |2 msc2000 
010 |a  95039024  
040 |a DLC  |c DLC  |d DLC 
859 |h 00A20  |i H236  |p A-7606  |v 1  |3 Vol. 1  |b BIB. MATEMATICA